000 01468cam a2200349 a 4500
001 EDZ0000072009
003 StDuBDS
005 20161031105159.0
006 m||||||||d||||||||
007 cr |||||||||||
008 120412s2006 enka fo| 001|0|eng d
020 _a9781446214657 (ebook) :
_cNo price
040 _aStDuBDS
_beng
_cStDuBDS
_epn
049 _aAlfaisal Main Library
050 0 _aLB2805
_b.C2344 2006
082 0 4 _a371.2011
_223
100 1 _aCaldwell, Brian.
245 1 0 _aRe-imagining educational leadership
_h[electronic resource] /
_cBrian J. Caldwell.
260 _aLondon :
_bSAGE,
_c2006.
300 _a1 online resource (x, 214 p.) :
_bill.
504 _aIncludes bibliographical references and index.
520 8 _aBrian Caldwell describes how leadership is changing the world of education on a scale that can best be described as transformation. Such leadership differs in important ways from what has been expected in the past, it requires a change in role at all levels, and shifts in the balance.
521 _aSpecialized.
588 _aDescription based on print version record.
650 0 _aEducational leadership.
650 0 _aSchool management and organization.
655 7 _aElectronic books.
_2local
710 2 _aSage eBooks
776 0 8 _iPrint version :
_z9781412934701
856 4 0 _uhttp://ezproxy.alfaisal.edu/login?url=http://sk.sagepub.com/books/re-imagining-educational-leadership
942 _2lcc
_cEBOOKS
999 _c481071
_d481071